Normal view
MARC view
- Haven, Brenda A.
Entry Personal Name
001 - CONTROL NUMBER
- control field: 111158
003 - CONTROL NUMBER IDENTIFIER
- control field: NUST
005 - DATE AND TIME OF LATEST TRANSACTION
- control field: 20230322162355.0
008 - FIXED-LENGTH DATA ELEMENTS
- fixed length control field: 230322|| aca||aabn | a|a d
040 ## - CATALOGING SOURCE
- Original cataloging agency: NUST
- Transcribing agency: NUST
100 ## - HEADING--PERSONAL NAME
- Personal name: Haven, Brenda A.
670 ## - SOURCE DATA FOUND
- Source citation: Work cat.: (NUST)0: Mattingly, Jack D., author. 60954, Aircraft engine design /
